Bands by Guitarist - Statistics

General Stats
  • This quiz has been taken 118 times
  • The average score is 13 of 18
Answer Stats
Guitarist Band % Correct
Kurt Cobain Nirvana
100%
Eddie Van Halen Van Halen
98%
Slash Guns N' Roses
96%
Kirk Hammett / James Hetfield Metallica
94%
Brian May Queen
92%
Angus Young AC/DC
91%
Jimmy Page Led Zeppelin
89%
David Gilmour Pink Floyd
84%
Eric Clapton Derek and the Dominos
82%
Mark / David Knopfler Dire Straits
79%
Dimebag Darrell Pantera
74%
Dave Mustaine Megadeth
73%
Lindsay Buckingham Fleetwood Mac
65%
Mick Mars Motley Crue
49%
Billy Gibbons ZZ Top
49%
Jerry Cantrell Alice in Chains
46%
Joe Walsh Eagles
44%
Neal Schon Journey
25%
No matching quizzes found
Score Distribution
Percent of People with Each Score
Percentile by Number Answered
Your Score History
You have not taken this quiz